000 01340nam0a2200325 4500
001 RU\NLR\bibl\897666
005 20250614174828.0
010 _a5-9597-0032-8
_93000
021 _aRU
_b2005-78606
_93878
035 _a(NLR Aleph) 000886120
090 _a1689358
_c1689357
100 _a20060118d2005 |||y0rusy50 ca
101 0 _arus
102 _aRU
105 _aa |||||||||
200 1 _aСиндром верхнего мотонейрона
_eруководство для врачей
_f[И.А. Завалишин, д.м.н., проф. и др.]
_gпод ред. И.А. Завалишина [и др.]
210 _aСамара
_cСамарское отделение Литфонда
_d2005
215 _a439 с.
_cил.
_d21
225 1 _aПрактикум по неврологии
320 _aБиблиогр. в конце гл.
606 1 _aМотонейроны
_jРуководства, пособия и т.п.
_xПатология
_91617951
_3RU\NLR\auth\66713625
686 _aР62-323я77
702 1 _4220
_aЗавалишин
_bИ. А.
_cд-р мед. наук
_f1936-
_gИгорь Алексеевич
_9170611
_3RU\NLR\AUTH\770170661
801 0 _aRU
_bNLR
_c20060118
_grcr
801 1 _aRU
_bNLR
_c20060118
830 _aсост. по кн.
942 _cBOOK
980 _aNB